10 największych miast w Izraelu - Statystyki

Ogólne statystyki
  • Ten quiz został rozwiązany 275 razy
  • Średni wynik to 3 z 10
Statystyki odpowiedzi
Liczba mieszkańców Nazwa miasta % Poprawnych
804 400 Jerozolima
100%
270 300 Hajfa
59%
404 800 Tel Awiw-Jafa
35%
196 300 Beer Szewa
32%
212 300 Aszdod
16%
189 700 Netanja
12%
210 400 Petach Tikwa
5%
232 400 Riszon le-Cijjon
5%
182 600 Holon
4%
163 300 Bene Berak
3%
Nie znaleziono quizów pasujących do podanych kryteriów
Rozkład punktacji
Procent ludzi z każdym wynikiem
Percentyl według liczby udzielonych odpowiedzi
Twoja historia wyników
Nie rozwiązałeś tego quizu